000
00196nam a2200085 4500
001
1255671
005
20251211111123.0
245
_a
İYİLİK TİMİ
_c
METİN ÖZDAMARLAR
260
_b
TİMAŞ YAYINLARI
999
_c
1255671
_d
1255671